MARC

LEADER 00000nam0a2200000 4500
001 378933
005 20231101054924.0
035 |a (RuTPU)RU\TPU\retro\36394 
090 |a 378933 
100 |a 20230621d1979 km y0rusy50 ca 
101 0 |a rus 
102 |a RU 
105 |a a z 001zy 
200 1 |a Управление качеством химического анализа в металлургии  |f Ю. Л. Плинер, Е. А. Свечникова, В. М. Огурцов 
210 |a Москва  |c Металлургия  |d 1979 
215 |a 208 с.  |c ил. 
320 |a Библиогр.: с. 201-206 
606 1 |a Металлы  |x Химический анализ  |2 stltpush  |3 (RuTPU)RU\TPU\subj\43030 
610 1 |a качество продукции 
610 1 |a черная металлургия 
610 1 |a материалы 
610 1 |a контроль 
610 1 |a точность 
610 1 |a стандартные образцы 
610 1 |a методики 
610 1 |a стандартизация 
610 1 |a аттестация 
610 1 |a государственный надзор 
675 |a 669:543  |v 4 
700 1 |a Плинер  |b Ю. Л.  |g Юрий Львович 
701 1 |a Свечникова  |b Е. А.  |g Елена Алексеевна 
701 1 |a Огурцов  |b В. М.  |g Виктор Михайлович 
801 1 |a RU  |b 63413507  |c 20230621 
942 |c BK